[Event "Al Mahmud Memorial Probashi Chess-ch 202"]
[Site "Dhaka"]
[Date "2022.02.10"]
[Round "6.6"]
[White "Rahman, Syed Mahfuzur"]
[Black "Md., Sharif Hossain"]
[Result "1/2-1/2"]
[WhiteElo "2099"]
[BlackElo "2211"]
[Annotator "TA"]
[PlyCount "151"]
[EventDate "2022.02.06"]
[EventCountry "BAN"]
[SourceTitle "playchess.com"]
[Source "ChessBase"]
[SourceQuality "1"]

{[%evp 18,151,0,0,29,35,34,29,36,33,35,31,46,42,39,0,17,0,16,0,40,24,33,32,127,62,62,72,62,55,51,65,116,141,127,132,264,104,109,106,107,0,0,0,18,0,0,0,27,0,27,22,23,0,3,12,22,9,14,13,14,11,16,-8,-9,-7,0,0,0,0,0,-9,0,-43,-43,-43,-43,-53,-32,-50,0,0,0,-15,-8,-8,0,0,0,-8,-8,-28,-22,-22,-26,-87,-83,-83,-83,-111,-131,-119,-93,-87,-87,-93,-84,-83,10,10,10,10,10,10,123,121,147,140,134,12,12,12,12,8,8,8,12,8,8,8,8,8,8,8,8,8]} 1. d4 d5 2. c4 c6 3. Nc3 Nf6 4. e3 e6 5. Nf3 Nbd7 6. Qc2 Bd6 7. b3 O-O 8. Bb2 b6 9. Bd3 Bb7 10. O-O Rc8 {D45: Semi-Slav: 5 e3.} 11. e4 dxe4 12. Nxe4 Nxe4 {White has an edge.} 13. Bxe4 Nf6 14. Bd3 h6 15. Rad1 Qe7 16. Qe2 {[#]} Rfe8 $146 ({Predecessor:} 16... c5 17. Bb1 Rfd8 18. Ne5 cxd4 19. Bxd4 Bc5 20. Bb2 {½-½ (20) Reinhardt,R (2070)-Lange,K (2110) Germany 2011}) 17. Bb1 Ba3 18. Ba1 Qc7 19. Qc2 Be7 20. Rfe1 Qf4 (20... Rcd8 $14) 21. d5 (21. Bc3 $16) 21... cxd5 $14 22. Bxf6 Bxf6 23. Qh7+ Kf8 24. cxd5 Ke7 (24... g6 $14) 25. dxe6 $16 fxe6 26. Bf5 $1 (26. Qd3 Red8 27. Qe2 Qg4 $11) 26... Rc6 (26... Bd5 $16 {keeps fighting.}) 27. Qg6 $2 (27. Be4 $18 {has better winning chances.}) 27... Rd8 28. Rxd8 {Really sharp!} (28. Bxe6 $2 Rxe6 29. Rxe6+ Kxe6 $19) 28... Kxd8 {[#]} 29. Bxe6 (29. Qf7 Rc1 30. Qxe6 (30. Qxb7 Rxe1+ 31. Nxe1 Bd4 $11) 30... Kc7 $11) (29. Be4 $1 $16 {[%cal Re4c6]} Rc7 30. Bxb7 Rxb7 31. Rxe6) 29... Rc1 $36 {[%mdl 2048] Black has good play.} 30. Qd3+ Bd4 {( -> ...Rxe1+). A strong pair of Bishops.} 31. Rxc1 Qxc1+ 32. Qf1 Qxf1+ 33. Kxf1 {[%mdl 4096] Endgame KBB-KBN} Bf6 (33... Bxf3 $5 34. gxf3 Ke7 $11) 34. Nd2 Ke7 35. Bc4 Bc3 36. Nb1 Be5 37. g3 Kd6 38. Ke2 Kc5 39. Kd3 Bc8 40. Ke4 {To avoid Bf5+} Bd4 41. Kf3 Bb7+ 42. Ke2 $1 Kb4 43. a3+ Kc5 44. f3 Bb2 45. Ke3 (45. a4 $11 {feels stronger.}) 45... Bc1+ $15 {[%mdl 1024] Black has compensation.} 46. Ke2 Kd4 47. a4 Bc6 $1 {[%cal Oc6a4]} 48. Kd1 Be3 (48... Bg5 $15) 49. Ke2 $1 $11 Bc1 {[%cal Oc6a4] Inhibits Na3.} 50. Be6 (50. Kd1 $5 {[%cal Rd1c1]} Bb2 51. Kc2 $11) 50... g5 51. Kd1 Be3 52. Ke2 {[%cal Ob1c3]} Bc1 53. Kd1 Bb2 54. Kc2 Ba1 55. Nd2 Ke3 56. h4 (56. Bf5 $11 {keeps the balance.}) 56... gxh4 $17 57. gxh4 Be8 58. Bd5 Bf6 59. Nc4+ Kd4 60. Be4 Be7 {To avoid Nd6} (60... Bxh4 $6 61. Nd6 Bd7 62. Nf5+ Bxf5 63. Bxf5 $15) 61. a5 b5 ({Reject} 61... Bxh4 $6 62. axb6 axb6 63. Nd6 $15) 62. Nb6 {[%cal Oh4h5]} Bf7 (62... axb6 $2 63. a6 Bf7 64. a7 $18) ({Black should play} 62... b4 $17) 63. Nc8 $1 $11 {[%csl LRa7,LRe7]} Bc5 {And now ...b4 would win.} 64. b4 $1 Bxb4 {Strongly threatening ...Bc5.} 65. Nxa7 {Hoping for Nc6+.} Ke3 (65... Bxa5 $11 {remains equal.} 66. Nc6+ (66. Nxb5+ Kc5 $11) 66... Ke3) 66. a6 $16 ({Much weaker is} 66. Nxb5 $6 Bxa5 67. Nd6 Be6 $11) 66... Bc4 {[#]} 67. Nxb5 $1 {[%mdl 512] Threatening mate with a7.} Bc5 {[#]} 68. a7 Bxa7 $1 $11 {The position is equal.} 69. Nxa7 {aiming for Nc6.} Be2 70. Nc8 Bxf3 71. Bg6 Kf4 72. Ne7 Kg4 73. h5 Kg5 74. Kd2 Bxh5 75. Bxh5 Kxh5 76. Ke3 {Weighted Error Value: White=0.18 (very precise) /Black=0.14 (very precise)} 1/2-1/2

[Event "Al Mahmud Memorial Probashi Chess-ch 202"]
[Site "Dhaka"]
[Date "2022.02.10"]
[Round "6.7"]
[White "Sakline Mostafa, Sajid"]
[Black "Subrota, Biswas"]
[Result "0-1"]
[WhiteElo "2089"]
[BlackElo "2202"]
[Annotator "TA"]
[PlyCount "74"]
[EventDate "2022.02.06"]
[EventCountry "BAN"]
[SourceTitle "playchess.com"]
[Source "ChessBase"]
[SourceQuality "1"]

{[%evp 18,74,35,7,22,6,5,-11,-10,-35,0,0,0,-72,-61,-83,-59,-79,-37,-160,-129,-144,-165,-196,-180,-345,-283,-980,-966,-970,-958,-918,-818,-1127,-1089,-940,-704,-708,-660,-782,-775,-754,-740,-689,-670,-810,-787,-2072,-2072,-1987,-1977,-1720,-1629,-5677,-5497,-29969,-29972,-5506,-5481]} 1. d4 Nf6 2. c4 e6 3. Nf3 c5 4. d5 exd5 5. cxd5 d6 6. g3 g6 7. Nc3 Bg7 8. Bg2 O-O 9. O-O Re8 10. Bf4 Bf5 $1 {[%mdl 4] is recently more successful than 10...a6. A62: Modern Benoni: Fianchetto Variation without early ...Nbd7.} 11. Qb3 Na6 12. Nh4 ({Much worse is} 12. Qxb7 Nb4 13. Nh4 (13. Ng5 Re7 $17) 13... Rb8 14. Qxa7 Bc2 $17) 12... Bg4 {[#] The position is equal.} 13. Rfe1 $146 ({Predecessor:} 13. e4 Nc7 14. h3 Bc8 15. a4 a6 16. Rfe1 Nh5 17. Be3 Rb8 18. Qb6 Qe7 19. g4 Qxh4 20. Qxc7 Bxg4 21. hxg4 Qxg4 22. Qxd6 {1-0 (30) Stupak,K (2492)-Potpara,N (2374) Chess.com INT 2021}) 13... Nh5 (13... h6 $5 {[%cal Rg6g5]} 14. h3 (14. Qxb7 Nb4 $17) 14... Bc8 $11) 14. Bd2 Rb8 {[%cal Ob7b5]} 15. e4 {[#]} (15. a4 $11 {keeps the balance.}) 15... b5 $1 $17 16. Nd1 ({Don't play} 16. Nxb5 Nc7 17. Ba5 Rxb5 $17) 16... c4 17. Qc2 Nc5 {Inhibits a4.} (17... Bxd1 $17 18. Raxd1 Nc5) 18. Ne3 {White is on the road to losing.} (18. f3 $1 $15 Bd7 19. Bf1) 18... Bd7 {Black is more active.} 19. Bc3 Bxc3 20. bxc3 {[#]} Nf4 $1 {[%mdl 512]} 21. Bh1 $2 (21. a4) (21. Nf3 Nfd3) 21... Ncd3 {aiming for ...Nh3+.} 22. Rf1 $2 (22. Bg2) 22... Nh3+ $19 23. Kg2 Rxe4 24. Nf3 Qf6 {Hoping for ...Rbe8.} 25. Qd2 Rbe8 26. Rae1 Nhxf2 27. Rxf2 Qe7 28. Nc2 Nxe1+ 29. Nfxe1 Rxe1 30. Nxe1 Qxe1 31. Qf4 Bf5 32. g4 {[#]} Re4 $1 33. gxf5 Rxf4 34. Rxf4 Qxc3 35. f6 Qd2+ 36. Kg3 Qe1+ 37. Kg2 c3 {Weighted Error Value: White=1.42/Black=0.16 (very precise)} 0-1

[Event "Al Mahmud Memorial Probashi Chess-ch 202"]
[Site "Dhaka"]
[Date "2022.02.10"]
[Round "6.9"]
[White "Yasir Ali, Khan Evan"]
[Black "Ahmed, Sheikh Nasir"]
[Result "0-1"]
[WhiteElo "1950"]
[BlackElo "2168"]
[Annotator "TA"]
[PlyCount "130"]
[EventDate "2022.02.06"]
[EventCountry "BAN"]
[SourceTitle "playchess.com"]
[Source "ChessBase"]
[SourceQuality "1"]

{[%evp 9,130,-18,0,0,0,-2,0,0,0,0,16,12,51,31,38,22,29,27,34,33,30,31,27,20,21,0,16,-19,-6,-14,-18,-18,-18,-10,23,8,17,0,0,0,0,0,0,-45,0,0,0,0,0,0,0,0,0,0,12,21,17,10,220,219,204,212,177,189,221,0,0,0,197,195,222,162,158,152,177,177,177,177,177,108,83,0,177,86,72,79,162,32,162,162,162,134,134,134,134,134,843,472,444,171,216,23,19,25,28,18,55,36,67,-45,-39,-64,-70,-221,-221,-190,-193,-291,-275,-392,-369,-1076,-916]} 1. e4 {ChessBase II} c5 2. Nf3 e6 3. c3 Nf6 4. d3 {[%cal Bd2d3,Bd3d4][%mdl 32]} Nc6 5. Be2 d5 6. e5 {B40: Sicilian: 2...e6, Unusual lines.} Nd7 7. d4 Be7 8. O-O {The position is equal.} f6 9. exf6 Bxf6 10. Be3 {[#]} cxd4 $146 ({Predecessor:} 10... b6 11. Nbd2 O-O 12. Qa4 Bb7 13. Rad1 cxd4 14. cxd4 a6 15. Rfe1 Rc8 16. Rc1 b5 {½-½ (38) Topchy,G-Gozman,A Ukraine 1992 Corr Nr. 1 [ChessBase II]}) 11. Nxd4 (11. cxd4 {keeps more tension.} O-O 12. a3 Nb6 13. Nbd2 Bd7 14. Bd3) 11... Nxd4 12. cxd4 O-O 13. Nc3 Nb6 14. Rc1 Bd7 15. Bd3 Rc8 16. Qe2 Qe7 17. a3 a6 18. b4 Nc4 19. Bxc4 (19. Qh5 g6 20. Qg4 (20. Nxd5 $2 exd5 21. Qxd5+ Be6 $19) 20... Nxa3 $17) 19... Rxc4 20. Ne4 Bb5 {Threatens to win with ...Rxc1.} 21. Nxf6+ gxf6 22. Bh6 Re8 23. Qg4+ Kh8 24. Rxc4 dxc4 25. Re1 {[%cal Oe1e6]} (25. Rc1 Bc6 26. f3 (26. Rxc4 Rg8 $17) 26... b5 $15) 25... Qf7 26. Re3 (26. Qf4 $11) 26... Rg8 (26... Qg6 $15 27. Qxg6 hxg6) 27. Qf4 $1 $11 Qg6 {[%csl Gg8][%cal Rg6g2]} 28. g3 {[%cal Bg2g3,Bg3g4,Bg4g5,Bg5f6][%mdl 32]} Re8 29. h4 Bc6 {( -> ...Qb1+)} 30. Re1 {Prevents Qb1.} Kg8 31. g4 Bd5 {[%cal Oe6e5]} 32. h5 Qf7 33. Re3 Kh8 $2 (33... Bc6 $11) 34. g5 $1 $18 e5 35. Qxf6+ Qxf6 36. gxf6 {[%mdl 4096] Endgame KRB-KRB} e4 37. Bg7+ $2 (37. Rg3 $1 $18) 37... Kg8 $11 38. f3 {[%cal Bf2f3,Bf3e4,Be4e5][%mdl 32]} Rc8 $2 (38... Kf7 $11 {and Black is okay.}) 39. fxe4 $18 c3 40. Re1 (40. exd5 c2 41. Re1 c1=Q 42. Rxc1 Rxc1+ 43. Kf2 Rc3 $17) 40... c2 41. Bh6 ({Not} 41. exd5 c1=Q 42. Rxc1 Rxc1+ 43. Kf2 Rc3 $15) 41... Re8 42. e5 Kf7 43. Kf2 Rg8 44. Bg7 ({White should play} 44. Ke3 $18) 44... Rc8 $16 {[#]} 45. Bh6 (45. Rc1 $1 $16) 45... Rg8 $1 $18 (45... Rc3 $2 46. Rg1 $18) 46. Rc1 (46. Ke3 $18 {is more deadly.}) 46... Rg2+ $16 47. Ke3 Ke6 (47... Bc4 $16 {was called for.}) 48. Bg7 (48. Rf1 $18) 48... Rg3+ (48... Bc4 $1 $14) 49. Kd2 $18 Rg2+ 50. Kd3 Bb3 51. Kc3 Rg3+ 52. Kb2 Rh3 $2 {[%mdl 8192]} (52... Rd3 $16) 53. Rf1 Kf7 54. Re1 $2 (54. Rg1) 54... b5 (54... Rd3 {might work better.} 55. Bh6 Rd1 56. Kxb3 c1=Q 57. Bxc1 Rxe1) 55. d5 $2 (55. Rg1 $18 {Bh6 is the strong threat.} Bd5 56. Bh6 (56. Kxc2 Rh2+ 57. Kd3 Rh3+ 58. Kd2 Rxh5 $18) 56... c1=B+ 57. Kxc1) 55... Bxd5 $11 56. Kxc2 Rxh5 57. Kc3 Rh3+ 58. Kd4 Bc4 59. a4 (59. Rg1 $14) 59... Rh4+ $1 $15 60. Kc5 bxa4 {[%cal Bb5a4,Ba4a3,Ba3a2][%mdl 32]} 61. Rd1 $2 {[#]} (61. Bh6 $1 $15) 61... a3 $1 $19 {Hoping for ...Be6.} 62. Rd7+ Kg6 {And now ...a2 would win.} 63. Rd1 (63. Bh8 $142 Bf7 64. Rd1 (64. e6 $2 a2 $19)) 63... a2 64. Kd6 (64. Rg1+ $142 Kf7 65. Bh6) 64... Kf7 65. Kd7 $2 {[#]} (65. Rc1) 65... Rd4+ $1 {[%mdl 512] A wild game.  Weighted Error Value: White=0.55/Black=0.26 (precise)} 0-1

[Event "Al Mahmud Memorial Probashi Chess-ch 202"]
[Site "Dhaka"]
[Date "2022.02.10"]
[Round "6.10"]
[White "Mohammad Minhaz Uddin"]
[Black "Rahman, Saimon Siddiqur"]
[Result "1-0"]
[WhiteElo "2267"]
[BlackElo "1983"]
[Annotator "TA"]
[PlyCount "49"]
[EventDate "2022.02.06"]
[EventCountry "BAN"]
[SourceTitle "playchess.com"]
[Source "ChessBase"]
[SourceQuality "1"]

{[%evp 13,49,-21,0,9,0,11,12,8,5,8,11,11,19,-8,26,37,29,18,41,53,63,66,179,159,356,353,428,439,29990,278,29991,29992,29993,29989,29989,29988,29995,29996]} 1. e4 e6 2. d4 d5 3. Nd2 c5 4. dxc5 Bxc5 5. Bd3 Nc6 {[%cal Bb8c6,Bc6b4,Bb4d3][%mdl 32]} 6. Ngf3 Nf6 7. Qe2 $1 {The main line 7.Qe2 scores better than 7.0-0.} Nb4 (7... O-O {feels hotter.} 8. c3 Qc7 9. O-O b6 10. a4 a5) 8. e5 {C07: French Tarrasch: 3...c5, 4 Ngf3 and 4 exd5 Qxd5.} Nxd3+ (8... Nd7 {looks sharper.} 9. Nb3 Be7 10. Bd2 a5 11. O-O O-O) 9. cxd3 {[#] Black must now prevent d4.} Nd7 10. O-O {The position is equal.} O-O 11. Nb3 {[%cal Bd2b3,Bb3d4,Bd4f5,Bf5e7][%mdl 32]} Be7 {Inhibits Bg5.} 12. Bd2 {[#]} b6 $146 ({Predecessor:} 12... Nc5 13. Nxc5 Bxc5 14. Rac1 Bb6 15. Bb4 Re8 16. Bc5 Bd7 17. Qe3 Bxc5 18. Qxc5 b6 {½-½ (38) Munoz Arana,M (2067)-Gonzalez Rodriguez,J (2322) Barcelona 2016}) 13. Nfd4 Ba6 14. f4 Bc5 15. Kh1 Bxd4 16. Nxd4 Nc5 17. Rf3 {[%cal Bf1f3,Bf3h3,Bh3h7][%mdl 32] White is more active.} Qd7 ({Black should try} 17... f6 $1 $14) 18. b4 $18 Qa4 $2 {This move loses the game for Black.} (18... Nxd3 $16 19. b5 (19. Rxd3 Bxd3 20. Qxd3 g6 $16) 19... Bxb5) 19. f5 {Hoping for Rh3.} exf5 20. Nxf5 Ne6 (20... Bxd3 $18 21. Rxd3 Nxd3) 21. Ne7+ Kh8 {aiming for ...Nd4.} 22. Rh3 {White mates.} g6 23. Qe3 g5 24. Qf3 Ng7 {[#]} 25. Rxh7+ $1 {[%mdl 512] Weighted Error Value: White=0.03 (flawless) /Black=0.54} 1-0

[Event "Al Mahmud Memorial Probashi Chess-ch 202"]
[Site "Dhaka"]
[Date "2022.02.11"]
[Round "7.1"]
[White "Nayem, Haque"]
[Black "Rahman, Ziaur"]
[Result "0-1"]
[WhiteElo "2150"]
[BlackElo "2417"]
[Annotator "TA"]
[PlyCount "75"]
[EventDate "2022.02.06"]
[EventCountry "BAN"]
[SourceTitle "playchess.com"]
[Source "ChessBase"]
[SourceQuality "1"]

{[%evp 22,75,0,0,0,-6,6,2,16,0,0,0,0,0,0,0,0,-41,-39,-54,-56,-72,-52,-105,-103,-110,-100,-106,-96,-112,-112,-165,-128,-188,-199,-175,-197,-197,-166,-244,-233,-286,-278,-273,-245,-256,-257,-251,-247,-327,-318,-316,-325,-322,-314,-306]} 1. d4 d5 2. c4 e6 3. Nc3 Nf6 4. Bg5 Be7 5. Nf3 h6 6. Bh4 O-O 7. e3 Ne4 8. Bxe7 Qxe7 9. cxd5 Nxc3 10. bxc3 exd5 11. Qb3 Rd8 12. c4 Be6 {White should prevent ...c5. D57: Queen's Gambit Declined: Lasker Defence: Main line (9 cxd5).} 13. Be2 {[#]} b6 $146 ({Predecessor:} 13... c5 14. O-O Nc6 15. cxd5 Bxd5 16. Qa3 Bxf3 17. Bxf3 cxd4 18. Qxe7 Nxe7 19. Rab1 Rab8 20. Rxb7 Rxb7 21. Bxb7 dxe3 22. fxe3 Rd2 23. Rf2 Rd1+ 24. Rf1 Rd2 {½-½ (24) Malakhatko,V (2598)-Sanikidze,T (2426) Baku 2007}) 14. O-O Nc6 {[%cal Bb8c6,Bc6a5,Ba5b3][%mdl 32] The position is equal.} 15. c5 bxc5 {Hoping for ...c4.} 16. Qb5 {[%csl LRc5,LRc6]} Bd7 {[%cal Oc6d4] [#] Threatens to win with ...Nxd4!} 17. Qxc5 Qxc5 18. dxc5 Rab8 19. a4 (19. Rfb1 $11) 19... Na5 $15 20. Ne5 Be8 21. Nd3 d4 22. exd4 {Black converts the advantage convincingly.} ({Better is} 22. e4 $15) 22... Nb3 $17 23. Ra3 Nxd4 24. Bd1 Rb1 25. h3 a5 {Black is more active.} 26. Kh2 (26. Bg4 $17 {was worth a try.} Rxf1+ 27. Kxf1) 26... Kf8 {[%cal Od4c2]} 27. Be2 Rb3 $19 28. Rxb3 Nxb3 29. Ne5 Rd5 ({Not} 29... Nxc5 30. Rc1 Nxa4 31. Rxc7 $17) 30. Nc4 (30. Bc4 {is a better defense.} Rxe5 31. Bxb3) 30... Rxc5 31. Rd1 Bxa4 {[#] aiming for ...Bb5.} 32. Rd8+ Ke7 33. Rd3 Nc1 34. Re3+ Kf8 35. Bf1 Bb5 {Black has a decisive advantage.} 36. Ne5 Be8 37. Nc4 a4 38. Re1 {Weighted Error Value: White=0.20 (precise) /Black=0.04 (flawless)} 0-1

[Event "Al Mahmud Memorial Probashi Chess-ch 202"]
[Site "Dhaka"]
[Date "2022.02.11"]
[Round "7.2"]
[White "Subrota, Biswas"]
[Black "Arpan, Das (Jr)"]
[Result "0-1"]
[WhiteElo "2202"]
[BlackElo "2155"]
[Annotator "TA"]
[PlyCount "58"]
[EventDate "2022.02.06"]
[EventCountry "BAN"]
[SourceTitle "playchess.com"]
[Source "ChessBase"]
[SourceQuality "1"]

{[%evp 9,57,31,10,0,2,11,14,16,10,24,12,0,14,0,8,10,6,0,4,-6,0,-51,-45,-46,-46,-70,-38,-70,-71,-85,-81,-94,-66,-66,-74,-90,-77,-104,-90,-94,-91,-386,-434,-503,-501,-29990,-29991,-29998,-29999,-29999]} 1. e4 c6 2. d4 d5 3. e5 c5 4. Nf3 cxd4 5. Nxd4 Nc6 6. Nxc6 {B12: Caro-Kann: Advance Variation.} bxc6 7. Bd3 Qc7 {[#]} 8. Bf4 $146 {The position is equal.} ({Predecessor:} 8. Qe2 e6 9. O-O Ne7 10. Nd2 Ng6 11. f4 Be7 12. b3 O-O 13. Bb2 a5 14. a4 {½-½ (66) Moussard,J (2632)-Shengelia,D (2513) Terme Catez 2021}) 8... e6 9. O-O Ne7 10. Re1 Ng6 11. Bg3 Be7 12. Nd2 Qb6 13. b3 O-O {[%cal Bh8f8,Bf8d8,Bd8d5][%mdl 32]} 14. Nf3 Ba6 15. Rc1 (15. c4 $11) 15... Bxd3 $15 16. Qxd3 a5 17. c3 Rfd8 18. Rc2 c5 19. c4 a4 20. cxd5 Rxd5 21. Qe3 axb3 22. axb3 Rad8 23. Rd2 Rxd2 24. Nxd2 Qb4 {Black is more active.} 25. Re2 {[%mdl 8192] Now White is beyond hope.} (25. Nf1 $17) 25... c4 $19 {Threatens to win with ...cxb3.} 26. bxc4 Bc5 27. Qg5 {[#]} (27. Qe4 $19 Rxd2 28. Rxd2 Qxd2 29. h3) 27... Qb1+ $3 {[%mdl 576] Decoy, Back Rank. Black mates.} 28. Nxb1 (28. Re1 Qxe1+) 28... Rd1+ 29. Re1 Rxe1# {Weighted Error Value: White=0.58/Black=0.04 (flawless)} 0-1

[Event "Al Mahmud Memorial Probashi Chess-ch 202"]
[Site "Dhaka"]
[Date "2022.02.11"]
[Round "7.3"]
[White "Ahmed, Sheikh Nasir"]
[Black "Anata, Choudhury"]
[Result "1/2-1/2"]
[WhiteElo "2168"]
[BlackElo "2170"]
[Annotator "TA"]
[PlyCount "48"]
[EventDate "2022.02.06"]
[EventCountry "BAN"]
[SourceTitle "playchess.com"]
[Source "ChessBase"]
[SourceQuality "1"]

{[%evp 9,48,38,38,28,34,35,39,33,40,41,26,28,22,22,22,11,30,24,29,7,2,-19,0,0,-11,-5,-16,-5,0,0,0,0,0,0,0,-6,0,-8,-7,-26,-5]} 1. e4 c5 2. Nf3 d6 3. c3 Nf6 4. h3 Nbd7 5. Bd3 g6 6. O-O {B50: Sicilian: 2...d6, Miscellaneous.} Bg7 7. Bc2 Ne5 8. d4 {White is slightly better.} Nxf3+ 9. Qxf3 O-O 10. Re1 cxd4 11. cxd4 Nd7 12. Rd1 {[#]} b5 $146 ({Predecessor:} 12... Qb6 13. Nc3 e5 14. Nd5 Qd8 15. dxe5 Nxe5 16. Qg3 Be6 17. Bb3 Bxd5 18. Bxd5 Qc7 {½-½ (38) Castellano Egea,E (2128)-Jimenez Capilla,M (1977) Padron 2008}) 13. Nc3 b4 14. Nd5 {[%cal Oe4e5]} e6 15. Ne3 Bb7 16. Qe2 Qe7 17. Nf1 a5 18. a3 Ba6 19. Bd3 Bxd3 20. Qxd3 Rfb8 21. Bd2 bxa3 22. Rxa3 Rxb2 23. Bc3 Rbb8 24. Rda1 Nf6 {Weighted Error Value: White=0.06 (flawless) /Black=0.03 (flawless)} (24... e5 $5 {[%cal Re5d4]}) 1/2-1/2

[Event "Al Mahmud Memorial Probashi Chess-ch 202"]
[Site "Dhaka"]
[Date "2022.02.11"]
[Round "7.4"]
[White "Abu Sufian, Shakil"]
[Black "abzid, Rahman"]
[Result "1-0"]
[WhiteElo "2232"]
[BlackElo "2106"]
[Annotator "TA"]
[PlyCount "39"]
[EventDate "2022.02.06"]
[EventCountry "BAN"]
[SourceTitle "playchess.com"]
[Source "ChessBase"]
[SourceQuality "1"]

{[%evp 9,39,50,73,83,72,68,140,156,155,154,283,283,281,285,281,0,275,274,263,275,280,275,775,774,764,763,737,747,991,983,1371,1327]} 1. e4 {[%cal Be2e4,Be4e5][%mdl 32]} Nf6 2. e5 Nd5 3. d4 d6 4. Nf3 Bg4 5. Be2 dxe5 6. Nxe5 {B05: Alekhine's Defence: 4 Nf3 Bg4.} Bxe2 7. Qxe2 ({But not} 7. Kxe2 f6 8. Nf3 Nb6 $11) 7... c6 (7... Nd7 $14) 8. Qf3 $1 $16 {[%csl Ge5][%cal Rf3f7] White is clearly better.} Nf6 9. Qb3 $1 $40 {[%csl Ge5,LRb7,LRf7][%cal Rb3f7][%mdl 128] Black is in trouble. White is much more active.} Qxd4 {[#]} (9... e6 $16 {was called for.}) 10. Qxb7 $1 Qxe5+ 11. Be3 {[%cal Rb7c8]} e6 {[#]} 12. Qc8+ $146 (12. Qxa8 Bc5 13. Kd2 Qc7 14. Bxc5 Ne4+ 15. Kc1 Nxc5 $19) ({Predecessor:} 12. Qxa8 Bc5 13. Qb7 Bxe3 14. fxe3 Qxe3+ 15. Kd1 O-O 16. c3 Ne4 17. Kc2 Qe2+ 18. Kc1 Nc5 {0-1 (18) Sinitsina,A (2159)-Krumina,L (2123) Riga 2017}) 12... Ke7 {[#] White must now prevent ...Ng4.} 13. Nc3 $1 g6 14. Qb7+ {[%mdl 64] Skewer, Double Attack} Nbd7 {Hoping for ...Bh6.} 15. Qxa8 Bh6 $2 (15... Ng4) 16. Qxh8 $18 {White is clearly winning.} Bxe3 17. fxe3 Qxe3+ 18. Ne2 c5 19. Rd1 {Rf1 is the strong threat.} Ne4 20. Rf1 {Weighted Error Value: White=0.00 (flawless) /Black=0.32} 1-0

[Event "Al Mahmud Memorial Probashi Chess-ch 202"]
[Site "Dhaka"]
[Date "2022.02.11"]
[Round "7.5"]
[White "Zia, Tahsin Tajwar"]
[Black "Shawket Bin, Osman Shaon"]
[Result "1-0"]
[WhiteElo "2283"]
[BlackElo "2065"]
[Annotator "TA"]
[PlyCount "65"]
[EventDate "2022.02.06"]
[EventCountry "BAN"]
[SourceTitle "playchess.com"]
[Source "ChessBase"]
[SourceQuality "1"]

{[%evp 11,65,2,9,12,16,-8,0,-44,22,0,3,0,71,74,55,52,40,11,34,32,32,33,60,28,64,41,80,0,39,31,37,47,48,56,400,374,635,625,722,416,378,354,829,789,1133,1113,1315,852,29983,29984,29987,29988,29988,29989,29990,29989]} 1. d4 d5 2. c4 e6 3. Nf3 Nf6 4. g3 Bb4+ 5. Bd2 Be7 6. Bg2 O-O 7. Qc2 {E11: Bogo-Indian.} c6 {7...Nbd7 is the fancy move.} 8. h4 Nbd7 9. Nc3 (9. O-O $11) 9... b6 (9... dxc4 $15 10. O-O b6) 10. Ng5 Bb7 11. e4 {Threatens to win with e5.} dxe4 (11... c5 $1 $11 {keeps the balance.} 12. e5 cxd4 13. exf6 Nxf6) 12. Ncxe4 $16 {[#]} h6 $146 {[#]} ({Predecessor:} 12... Qc8 13. Bc3 Nxe4 14. Bxe4 g6 15. f4 c5 16. d5 exd5 17. cxd5 Nf6 18. O-O-O Nh5 19. f5 Bxg5+ 20. hxg5 {1-0 (20) Pantzar,M (2421)-Rasti,A (2231) Helsingborg 2021}) 13. O-O-O $1 Re8 (13... hxg5 $2 14. hxg5 Ng4 15. f3 $18) (13... Nxe4 14. Nxe4) 14. Nc3 {[%cal Oc1b1] Prevents b5.} Qc8 {[#]} (14... hxg5 $2 15. hxg5 Nf8 16. gxf6 Bxf6 17. Be3 $16) 15. Be3 $1 Bb4 (15... hxg5 16. hxg5 g6 17. gxf6 Nxf6 18. Bf4 $18) (15... Qc7 16. Bf4) 16. Nge4 Be7 17. Bf4 (17. Kb1 $5 {[%cal Re3f4]}) 17... Nxe4 18. Nxe4 Nf6 19. Nc3 {White is much more active.} (19. c5 $16) 19... Rd8 20. g4 $36 {[%mdl 2048] White fights for an advantage.} Nxg4 21. Bh3 Nf6 22. Rhg1 {[%mdl 1024] Bxh6 is the strong threat. White has compensation.} Kf8 $2 {[%mdl 8192] This costs Black the game.} ({Black should play} 22... Kh8 $1 $14) 23. Be5 $18 a5 $2 (23... Ba6 24. d5 cxd5) 24. f4 Bd6 25. Ne4 Bxe5 26. fxe5 Nxe4 (26... Ne8 27. c5 Rb8 28. cxb6 c5) 27. Qxe4 c5 28. d5 Qc7 29. Rde1 {Intending Qh7 and mate.} Qe7 30. Qh7 {[%cal Rh7h8] White mates.} Qxh4 31. Qxg7+ Ke8 {[#]} 32. Bxe6 $1 {[%mdl 512]} fxe6 (32... Qf4+ 33. Kb1) 33. Qxb7 {Weighted Error Value: White=0.27 (precise) /Black=0.81} 1-0

[Event "Al Mahmud Memorial Probashi Chess-ch 202"]
[Site "Dhaka"]
[Date "2022.02.11"]
[Round "7.6"]
[White "Ikramul, Haq Siam"]
[Black "Mohammad Minhaz Uddin"]
[Result "1/2-1/2"]
[WhiteElo "2075"]
[BlackElo "2267"]
[Annotator "TA"]
[PlyCount "22"]
[EventDate "2022.02.06"]
[EventCountry "BAN"]
[SourceTitle "playchess.com"]
[Source "ChessBase"]
[SourceQuality "1"]

{[%evp 12,22,0,0,0,4,10,0,0,-37,-18,-85,0]} 1. e4 e5 2. Nf3 Nf6 3. d4 Nxe4 4. Bd3 d5 5. Nxe5 Nd7 6. Nc3 Nxe5 7. dxe5 Bb4 {C43: Petroff Defence: 3 d4.} 8. O-O Nxc3 9. bxc3 Bxc3 10. Ba3 {[#]} Be6 $146 ({Predecessor:} 10... Bxa1 11. Qxa1 Be6 12. f4 g6 13. Qb2 Rc8 14. Qxb7 c5 15. Qxa7 Qc7 16. Qa4+ Bd7 {0-1 (42) Mamedov,R (2678)-Erigaisi,A (2616) Riga 2021}) 11. f4 (11. Rb1 $11 Bxe5 12. Rxb7) 11... g6 {White got outplayed after the opening} (11... Bxa1 $17 12. Qxa1 g6) 1/2-1/2